书目信息 |
| 题名: |
标准草书
|
|
| 作者: | 于右任 编 | |
| 分册: | ||
| 出版信息: | 上海 上海古籍书店 1983 |
|
| 页数: | 70页 | |
| 开本: | 26cm | |
| 丛书名: | ||
| 单 册: | ||
| 中图分类: | J292.34 | |
| 科图分类: | ||
| 主题词: | 草法--书法 , 草书--法书 , 草书--法贴 , 草书--碑贴 | |
| 电子资源: | ||
| ISBN: | ||
| 000 | 00661nam0 2200265 45 | |
| 001 | 0183004116 | |
| 005 | 20060525091702.20 | |
| 010 | @dCNY0.90 | |
| 100 | @a19950531d1983 em y0chiy0121 ea | |
| 101 | 0 | @achi |
| 102 | @aCN@b310000 | |
| 105 | @ay z 000yy | |
| 200 | 10 | @a标准草书@Abiao zhun cao shu@f于右任编@FYu You Ren Bian |
| 205 | @b影印本 | |
| 210 | @a上海@c上海古籍书店@d1983 | |
| 215 | @a70页@d26cm | |
| 606 | @a草法@x书法 | |
| 606 | 0 | @a草书@x法书 |
| 606 | @a草书@x法贴 | |
| 606 | 0 | @a草书@x碑贴 |
| 690 | @aJ292.34@v3 | |
| 701 | 0 | @a于右任@4编 |
| 801 | 0 | @aCN@b上海图书馆@c20060525 |
| 801 | 2 | @aCN@bNLC@c20060314 |
| 905 | @dJ292.34@e114 | |
| 标准草书/于右任编.-影印本.-上海:上海古籍书店,1983 |
| 70页;26cm |
| ISBN :CNY0.90 |
| ● |
| 相关链接 |
|
|
|
|
正题名:标准草书
索取号:J292.34/114
 
预约/预借
| 序号 | 登录号 | 条形码 | 馆藏地/架位号 | 状态 | 备注 |
| 1 | 0150195 | 000792654 | 第一借阅区/ [索取号:J292.34/114] | 在馆 | |
| 2 | 0150196 | 202205247 | 密集书库/ [索取号:J292.34/114] | 在馆 | |
| 3 | 0150197 | 000792510 | 第一样本阅览室/ [索取号:J292.34/114] | 在馆 | |
| 4 | 0160901 | 000792672 | 第一借阅区/ [索取号:J292.34/114] | 在馆 | |
| 5 | 0160902 | 000792663 | 第一借阅区/ [索取号:J292.34/114] | 在馆 | |
| 6 | 0160904 | 202382527 | 密集书库/ [索取号:J292.34/114] | 在馆 |